000 01137nam a2200265Ia 4500
001 9908
003 GE_BSU
008 181216s||||||||xx |||||||||||||| ||und||
020 _a9992879173
040 _cGE_BSU
080 _a821.353.1.09+821.353.1.092
100 _aნიკოლეიშვილი,ავთანდილ
245 _aXX საუკუნის ქართული მწერლობა
245 _bქართული ლიტერატურის ისტორია და კრიტიკა,ქართველი მწერლები
245 _cრედ.ოთარ გიორგაძე
260 _aქუთაისი
260 _bქსუ
260 _c2002
300 _a604გვ.28სმ.
520 _aრეზიუმე ინგლ.ენაზე
541 _h20ლ.
653 _aXX საუკუნის ქართული მწერლობა
653 _aქართული ლიტერატურის ისტორია და კრიტიკა,ქართველი მწერლები
942 _cBK
999 _c43186
_d43186